Supply and demand of the multiproduct firm (Registro nro. 26949)
[ vista simple ]
| 000 -LEADER | |
|---|---|
| fixed length control field | 00362 a2200121 4500 |
| 001 - CONTROL NUMBER | |
| control field | ART_14611 |
| 005 - DATE AND TIME OF LATEST TRANSACTION | |
| control field | 20260410161912.0 |
| 008 - FIXED-LENGTH DATA ELEMENTS--GENERAL INFORMATION | |
| fixed length control field | 260409a |
| 100 1# - MAIN ENTRY--PERSONAL NAME | |
| Personal name | Laitinen, Kenneth |
| 245 10 - TITLE STATEMENT | |
| Title | Supply and demand of the multiproduct firm |
| 700 1# - ADDED ENTRY--PERSONAL NAME | |
| Personal name | Theil, Henri |
| 773 0# - HOST ITEM ENTRY | |
| Title | European economic review |
| Related parts | - Vol. 11, Nº 2 (ago. 1978) |
| Record control number | REV13346 |
No hay ítems disponibles.